Los tesoros de España
Sparad:
| Huvudupphovsman: | |
|---|---|
| Materialtyp: | Bok |
| Språk: | spanska |
| Publicerad: |
Génova
Skira
1967
|
| Ämnen: | |
| Taggar: |
Lägg till en tagg
Inga taggar, Lägg till första taggen!
|
MARC
| LEADER | 00000nam a2200000 a 4500 | ||
|---|---|---|---|
| 001 | UCV9871 | ||
| 003 | CL-VaPUC | ||
| 008 | 930708e19670000IT |||||||||||||||||spa|d | ||
| 082 | 0 | 4 | |a 709.46 |b PIT |2 21 |
| 100 | 0 | |a Pita Andrade, José Manuel |e author |9 303869 | |
| 245 | 1 | 4 | |a Los tesoros de España |
| 300 | |a 2 v | ||
| 942 | |c BK | ||
| 945 | |d 19930708 00:00:00 | ||
| 260 | |a Génova |b Skira |c 1967 | ||
| 500 | |a v.1: Desde Altamira hasta los Reyes Católicos | ||
| 500 | |a Desde Carlos Quinto hasta Goya | ||
| 650 | 0 | |a Arte |9 265238 | |
| 651 | 0 | |a España |9 254926 | |
| 583 | |a last modification |c 19930708 00:00:00 |k Rodrigo Vera | ||
| 999 | |c 215149 |d 215147 | ||
| 952 | |0 0 |1 0 |4 0 |6 709_460000000000000_PIT_1967 |7 0 |8 F |9 199153 |a BIBARQ |b BIBARQ |d 2019-11-14 |h v.1 |i 2664704 |o 709.46 PIT 1967 |p 2664704 |r 2025-01-20 |w 2019-11-14 |y BK_F |k ARQ | ||
| 952 | |0 0 |1 0 |4 0 |6 709_460000000000000_PIT_1967 |7 0 |8 F |9 199154 |a BIBARQ |b BIBARQ |d 2019-11-14 |h v.2 |i 2664712 |o 709.46 PIT 1967 |p 2664712 |r 2025-01-20 |w 2019-11-14 |y BK_F |k ARQ | ||